| 000 | 00670cam a2200229 a 4500 | ||
|---|---|---|---|
| 001 | 14784273 | ||
| 003 | OSt | ||
| 005 | 20260203114747.0 | ||
| 008 | 070326s2009 maua 001 0 eng | ||
| 020 | _a9780357908426 | ||
| 040 |
_aKABLIB _cKABLIB _beng _erda |
||
| 082 |
_223 _a515 _bLAR |
||
| 100 | 1 |
_aLarson, Ron, _914752 |
|
| 245 | 1 | 0 |
_aCalculus : _bearly transcendental functions / _cRon Larson, Bruce . |
| 250 | _a8th ed. | ||
| 260 |
_aBoston : _bCengage _cc 2024 |
||
| 300 |
_axiii, 1128 p. : _bill. (some col.) ; _c27 cm. |
||
| 504 | _aIncludes appendices, index. | ||
| 650 | 0 |
_aCalculus _vTextbooks. _914753 |
|
| 700 | 1 |
_aEdwards, Bruce. _914754 |
|
| 942 |
_2ddc _cBOOK |
||
| 999 |
_c5851 _d5851 |
||